La incapacidad permanente y sus efectos en el contrato de trabajo

Bibliographic Details
Main Author: Gonzl̀ez de la Aleja, Ramn̤
Format: Book
Language:Spanish
Published: Albacete : Ediciones Bomarzo, 2006.
Subjects:
Online Access:Acceso restringido

MARC

LEADER 00000nam a2200000 i 4500
005 20120330115613.0
008 060308s2006 sp 000 0 spa d
020 |a 8486977843 
035 |a 5822 
040 |a Mpons  |d BUS  |d vLex 
080 |a 369.2 
090 |c 3103  |d 3103 
100 1 |a Gonzl̀ez de la Aleja, Ramn̤. 
245 1 3 |a La incapacidad permanente y sus efectos en el contrato de trabajo  |h [Recurso electrn̤ico] /  |c Ramn̤ Gonzl̀ez de la Aleja. 
256 |a Servicio en ln̕ea 
260 |a Albacete :  |b Ediciones Bomarzo,  |c 2006. 
300 |a 1 recurso electrn̤ico 
506 1 |a Contenido solo disponible en los productos indicados  |d vLex Global   |d vLex Global (Academic Edition, excluding Law Schools)   |d vLex Global (U.S. Academic Edition, Law Schools)   |d vLex Global (U.S. Academic Edition, excluding Law Schools)   |d vLex Global (Academic Edition, Law Schools)  
650 0 4 |a Invalidez  |x Evaluacin̤  |z Espaą 
740 0 |a vLex Libros (Servicio en ln̕ea) 
856 4 0 |u http://vlex.com/source/incapacidad-permanente-efectos-contrato-trabajo-5822  |z Acceso restringido 
942 |c BOOK 
999 0 |a Disabilities